000 01286nam a2200313Ia 4500
001 ebr10447796
003 CaPaEBR
006 m u
007 cr cn|||||||||
008 110103s2011 cau s 001 0 eng d
010 _z 2010054032
020 _z9780470769041 (pbk.)
040 _aCaPaEBR
_cCaPaEBR
035 _a(OCoLC)712067177
050 1 4 _aTK5105.78
_b.C94 2011eb
082 0 4 _a621.384076
_222
245 0 0 _aCWDP
_h[electronic resource] :
_bcertified wireless design professional official study /
_cShawn M. Jackman ... [et al.].
246 3 _aCertified wireless design professional official study guide
250 _a1st ed.
260 _aSan Francisco :
_bSybex,
_c2011.
300 _alxi, 799 p.
500 _aIncludes index.
533 _aElectronic reproduction.
_bPalo Alto, Calif. :
_cebrary,
_d2011.
_nAvailable via World Wide Web.
_nAccess may be limited to ebrary affiliated libraries.
650 0 _aWireless LANs
_xDesign and construction
_xExaminations
_vStudy guides.
650 0 _aTelecommunications engineers
_xCertification.
655 7 _aElectronic books.
_2local
700 1 _aJackman, Shawn M.,
_d1974-
856 4 0 _uhttp://site.ebrary.com/lib/rucke/Doc?id=10447796
_zAn electronic book accessible through the World Wide Web; click to view
999 _c137135
_d137135